000 00375nam a2200133Ia 4500
008 230917s9999||||xx |||||||||||||| ||und||
040 _e122036
_aMAIN
041 _aEnglish
082 _a338.4791 S82S
100 _aRaj, Aparna, ed.
245 0 _aSustainability, profitability and successful tourism. Part 1
260 _aNew Delhi
_bKanishka Publishers
_c2007
942 _cBK
999 _c146744
_d146744